00786 2200289 4500001002100000005001700021008004100038020001800079035002400097082001200121090001900133100002600152245008500178250001200263260003500275300002800310500003100338650001600369700001900385700001400404850001500418980001500433985000600448986001200454999001500466999001500481YOGYA-0209000000398920090227020655.0 ind  a979-489-034-0 0010-020900000003989 a639.543 a639.543bSuy B aSUYANTO, S. Rakhmatun aBudidaya udang winducS. Rachmatun Suyanto, Ahmad Mujiman ; ilustrasi, J. Sugito aCet. 10 aJakartabPenebar Swadayac1997 ax, 211 hlmbilusc20 cm aBibliografi : hlm. 207-211 aUdang windu aMujiman, Ahmad aSugito, J aYOPDYOG(B) a04-20-2006 a2 aMrRTREV a97P0098614 a97P0098613